00337nam a2200133Ia 4500008004100000041000800041082001600049100002100065245002500086260003200111300001900143365001200162520002900174240719s9999 xx 000 0 und d aeng a340.115 HOE aHoecke, Mark Van aLaw As Communication aUSAbHart ( Oxford ),c2002 a224;. P. 24 Cm cBPSb35 aGifted By : IMT Faculty